000 00464cam a2200145 4500500
005 20251012020602.0
041 _afre
042 _adc
100 1 0 _aPassicos, Jean
_eauthor
245 0 0 _aRapports droit général et particulier
260 _c2005.
500 _a90
786 0 _nL'Année canonique | XLVII | 1 | 2005-02-11 | p. 111-117 | 0570-1953
856 4 1 _uhttps://shs.cairn.info/revue-l-annee-canonique-2005-1-page-111?lang=fr&redirect-ssocas=7080
999 _c1536101
_d1536101